| 000 | 00692 a2200277 4500 | ||
|---|---|---|---|
| 260 | _aVanves | ||
| 630 | _a65 - Gestion et organisation de lindustrie, du commerce, de la communication et des transports | ||
| 037 | _b3, Achat | ||
| 650 | _a6 - SCIENCES APPLIQUEES | ||
| 100 | _aBouquin, Henri | ||
| 260 | _bEdicef | ||
| 245 | _aLa maîtrise des budgets dans l'entreprise | ||
| 300 | _a223 p | ||
| 650 | _aEntreprise : budget | ||
| 260 | _c1992 | ||
| 300 | _b26cm | ||
| 100 | _lFr | ||
| 440 | _aUniversités Francophones | ||
| 037 | _aDE 6045 | ||
| 037 | _aDE 6046 | ||
| 037 | _aDE 6047 | ||
| 440 | _x0993-3948 | ||
| 020 | _a2-850-69757-5 | ||
| 999 |
_c42086 _d42086 |
||